Normal view
MARC view
Entry Topical Term
001 - CONTROL NUMBER
- control field: 45493
003 - CONTROL NUMBER IDENTIFIER
- control field: dpl
005 - DATE AND TIME OF LATEST TRANSACTION
- control field: 20120420130000.0
008 - FIXED-LENGTH DATA ELEMENTS
- fixed length control field: 120420|||a|||||| | ||| d
040 ## - CATALOGING SOURCE
- Original cataloging agency: dpl
- Transcribing agency: dpl
150 ## - HEADING--TOPICAL TERM
- Topical term or geographic name as entry element: मराठी कादंबरी
670 ## - SOURCE DATA FOUND
- Source citation: Work cat.: (dpl): भारती, के चिन्नपा 39079, हसरे पर्वत /, 2011
670 ## - SOURCE DATA FOUND
- Source citation: Work cat.: (dpl): भारती, के चिन्नपा 39079, हसरे पर्वत /, 2011
